| 000 | 00578nam a2200205Ia 4500 | ||
|---|---|---|---|
| 005 | 20250508164958.0 | ||
| 008 | 008 250505s9999 xx 000 0 hin d | ||
| 020 | _a81-86684-37-9 | ||
| 037 | _aTextBook | ||
| 040 |
_aFEDL _beng _cFEDL |
||
| 041 |
_ahin _2hin |
||
| 084 |
_a954, SAT/R _qFEDL |
||
| 100 | _aSatish Chandra | ||
| 245 | 0 | _aMadhyakaleen bharat me itihas lekhan, dharam aur rajya ka swaroop | |
| 260 |
_aNew Delhi, India _bGranth Shilpi _c2007 |
||
| 300 | _a192p. | ||
| 365 |
_aINR _b1295 |
||
| 942 |
_cTB _h954, SAT/R |
||
| 999 |
_c1392453 _d1392453 |
||